00795nam a2200217Ia 450000500170000000800410001702000150005804000700007304100080014308200140015111000290016524500660019426000560026026000400031630000240035650000210038065000440040165000490044565000290049471000540052320151210111138.0130821s2005 ck frdd 1 spa d a9587043685 aCo-BoUCMbspacLuz Cupitra (modificó)dSaul Niño (Modificó)00aspa04aR 4682202 aReal Academia Española10aDiccionario panhispánico de dudascReal Academia Española aBogotá (Colombia)bReal Academia Españolac2005 aMadrid (España)bSantillanac2005 axxxi, 833 páginas aIncluye índice04aEspañolvDiccionarios y enciclopedias04aEspañolxUsovDiccionarios y enciclopedias04aLingüística aplicada2 aAsociación de Academias de la Lengua Española